功夫茶蕴:朱泥壶.若琛杯.玉书煨.红泥炉.攻略与实战 (Record no. 322874)

000 -LEADER
fixed length control field 00397 a2200145 4500
020 ## - ISBN
ISBN 9789862823545
082 ## - 索书号 Call Number
分类号Classification number 974
作者号 Author number 4220-02
100 ## - 作者
作者 池宗宪 著
245 ## - 书名 TITLE
书名Title 功夫茶蕴:朱泥壶.若琛杯.玉书煨.红泥炉.攻略与实战
250 ## - 版本 EDITION STATEMENT
版本叙述 Edition statement 初版;平装
260 ## - 出版项PUBLICATION, DISTRIBUTION, ETC. (IMPRINT)
出版社 Name of publisher 艺术家出版社
出版日期 Date of publication 2025
出版地 Place of publication 台北市
300 ## - 稽核项 PHYSICAL DESCRIPTION
页数 Number of Pages 240页
尺寸 Dimensions 24公分
500 ## - 一般附注 GENERAL NOTE
附注 General note
942 ## - ADDED ENTRY ELEMENTS (KOHA)
Koha item type Books
Holdings
Source of classification or shelving scheme Not for loan Permanent Location Current Location Shelving location Date acquired Source of acquisition Cost, normal purchase price Full call number Barcode Koha item type
    LIBRARY CHUNG HWA HIGH SCHOOL MUAR LIBRARY CHUNG HWA HIGH SCHOOL MUAR 9 艺术类(一楼) 2026-03-25 73.30 974 4220-02 050249 Books

Powered by Koha